00590 2200229 4500001002100000005001700021008004100038035002400079082001100103090001800114100002400132245005000156250001100206260002500217300001900242650003300261850001500294980001500309985000600324999001500330999001500345YOGYA-0209000006100420090227035855.0 ind  0010-020900000061004 a425.07 a425.07bPus P aPUSPA, Yan Pramadya aPrincipal English grammarcYan Pramadya Puspa aCet. 1 aSemarangbAnekac19. a135 hlmc18 cm aBahasa Inggris - Tata bahasa aYOPDYOG(B) a06-02-2008 a2 aP000009178 aP000009179